北海道の一級河川 - Statistics

General Stats
  • This quiz has been taken 21 times
    16 since last reset
  • The average score is 7 of 13
Answer Stats
Answer % Correct
石狩川
93%
十勝川
86%
天塩川
79%
釧路川
79%
鵡川
57%
網走川
50%
沙流川
50%
留萌川
43%
常呂川
36%
渚滑川
29%
湧別川
29%
尻別川
29%
後志利別川
29%
No matching quizzes found
Score Distribution
Percent of People with Each Score
Percentile by Number Answered
Your Score History
You have not taken this quiz since the last reset